<?xml version="1.0" encoding="UTF-8"?><?xml-stylesheet type="text/xsl" href="static/style.xsl"?><OAI-PMH xmlns="http://www.openarchives.org/OAI/2.0/" xmlns:xsi="http://www.w3.org/2001/XMLSchema-instance" xsi:schemaLocation="http://www.openarchives.org/OAI/2.0/ http://www.openarchives.org/OAI/2.0/OAI-PMH.xsd"><responseDate>2026-06-01T12:19:47Z</responseDate><request verb="GetRecord" identifier="oai:riuma.uma.es:10630/11619" metadataPrefix="marc">https://riuma.uma.es/rest/oai/request</request><GetRecord><record><header><identifier>oai:riuma.uma.es:10630/11619</identifier><datestamp>2026-02-03T10:26:02Z</datestamp><setSpec>com_10630_1685</setSpec><setSpec>col_10630_38055</setSpec></header><metadata><record xmlns="http://www.loc.gov/MARC21/slim" xmlns:dcterms="http://purl.org/dc/terms/" xmlns:doc="http://www.lyncode.com/xoai" xmlns:xsi="http://www.w3.org/2001/XMLSchema-instance" xsi:schemaLocation="http://www.loc.gov/MARC21/slim http://www.loc.gov/standards/marcxml/schema/MARC21slim.xsd">
   <leader>00925njm 22002777a 4500</leader>
   <datafield ind2=" " ind1=" " tag="042">
      <subfield code="a">dc</subfield>
   </datafield>
   <datafield ind2=" " ind1=" " tag="720">
      <subfield code="a">Ledesma Peña, Carlos</subfield>
      <subfield code="e">author</subfield>
   </datafield>
   <datafield ind2=" " ind1=" " tag="260">
      <subfield code="c">2016-06-10</subfield>
   </datafield>
   <datafield ind2=" " ind1=" " tag="520">
      <subfield code="a">Un sistema de SDR (Software Defined Radio) es un sistema de radio programable que delega gran parte del procesamiento hecho clásicamente en hardware,en software corriendo en un ordenador. Dos ventajas inmediatas de un dispositivo de&#xd;
SDR frente a un dispositivo de radio tradicional son el abaratamiento del coste del hardware (menos y menos complejo) y la facilidad de modificación de la funcionalidad específica de la radio (implementaciones software, tan simple como programar cualquier protocolo deseado). Debido al abaratamiento de estos productos y su facilidad&#xd;
de programación e interconexión con un ordenador personal, el mundo de la radiocomunicación&#xd;
es bastante más accesible. Cuando un dominio es poco conocido o accesible, es típico que los sistemas no sean seguros por diseño, sino por oscuridad.&#xd;
Si en un corto periodo de tiempo la accesibilidad a ese dominio aumenta considerablemente,&#xd;
los sistemas seguros por oscuridad se encuentran en peligro. Este trabajo pretende estudiar si efectivamente, al ser más accesible el dominio de la radiocomunicación debido a la accesibilidad de los dispositivos de SDR, ciertos sistemas se&#xd;
encuentran expuestos. La investigación del estado del arte y el estudio práctico de sistemas públicos en el ámbito local, nos permitirá entender hasta qué punto existen riesgos reales. Si se encuentra en el ámbito local una vulnerabilidad en algún sistema, se documentará y se propondrá una posible forma de aprovecharla y solucionarla.</subfield>
   </datafield>
   <datafield ind1="8" ind2=" " tag="024">
      <subfield code="a">http://hdl.handle.net/10630/11619</subfield>
   </datafield>
   <datafield tag="653" ind2=" " ind1=" ">
      <subfield code="a">Grado en Ingeniería Informática - Trabajos Fin de Grado</subfield>
   </datafield>
   <datafield tag="653" ind2=" " ind1=" ">
      <subfield code="a">Informática - Trabajos Fin de Grado</subfield>
   </datafield>
   <datafield tag="653" ind2=" " ind1=" ">
      <subfield code="a">Ondas de radio - Propagación</subfield>
   </datafield>
   <datafield tag="653" ind2=" " ind1=" ">
      <subfield code="a">Radio - Transmisores y transmisión</subfield>
   </datafield>
   <datafield ind2="0" ind1="0" tag="245">
      <subfield code="a">Vulnerabilidades usando SDR</subfield>
   </datafield>
</record>
</metadata></record></GetRecord></OAI-PMH>